[Event "GER-chT Betriebe 15th"]
[Site "Munich"]
[Date "2015.10.23"]
[Round "6.4"]
[White "Rhein, Volker"]
[Black "Brendemuehl, Bernd"]
[Result "1/2-1/2"]
[WhiteElo "1300"]
[BlackElo "1858"]
[PlyCount "58"]
[EventDate "2015.10.22"]
[EventType "team-swiss"]
[EventRounds "7"]
[EventCountry "GER"]
[SourceTitle "EXT 2020"]
[Source "ChessBase"]
[SourceDate "2019.10.17"]
[SourceVersion "1"]
[SourceVersionDate "2019.10.17"]
[SourceQuality "1"]
[WhiteTeam "Herne Wanne Eickel EKJ"]
[BlackTeam "Muenchen EPA II"]
[WhiteTeamCountry "GER"]
[BlackTeamCountry "GER"]

1. e4 c5 2. b3 Nc6 3. Nc3 d6 4. Nf3 Nf6 5. Be2 g6 6. Bb2 Bg7 7. d4 cxd4 8. Nxd4 0-0 9. Nxc6 bxc6 10. Bf3 Ba6 11. Be2 Qa5 12. Bxa6 Nxe4 13. 0-0 Qxa6 14. Na4 Bxb2 15. Nxb2 d5 16. Qd4 Qb6 17. Rad1 Qxd4 18. Rxd4 e5 19. Rd3 Rad8 20. Re3 Rfe8 21. Nd3 f6 22. f3 Nd6 23. Nb4 d4 24. Re2 c5 25. Nd5 Kg7 26. Rd1 Nb5 27. c4 dxc3 28. Rc2 Nd4 29. Nxf6 Kxf6 1/2-1/2